000 00890nam a2200313 i 4500
001 9521
003 BD-RjUL
005 20211208234806.0
008 140121s1974 caua p 000 0 eng d
020 _a0805360263
035 _a(BD-RjUL) 9566
040 _aDLC
_cDLC
_dDLC
_d(BD-RjUL)
_beng
041 _aeng
082 0 0 _a540.77
_bPRO
245 0 0 _aProgramed reviews of chemical principles /
_cJean D. Lassila ... [et al.].
250 _a2d ed.
260 _aMenlo Park, Calif. :
_bW. A. Benjamin,
_c[1974]
300 _aviii, 743 p. :
_bill. ;
_c24 cm.
650 0 _aChemistry
_xProgrammed instruction.
_929501
700 1 _aLassila, Jean D.
_929502
700 1 _aGordon,G
_929503
700 1 _aBarrow,M
_929504
700 1 _aMalcolm E
_929505
700 1 _aKenney
_929506
700 1 _aRobert,L
_929507
942 _2ddc
_cBK
999 _c9521
_d9521